000 00494nam a2200169Ia 4500
999 _c12491
_d12491
003 OSt
005 20201015130235.0
008 190216s9999||||xx |||||||||||||| ||und||
040 _coclc
082 _a822.33
_bBRO/T
100 _aBrooke, Stopford A
_95148
245 0 _aTen More Plays Of Shakespeare /
_cStopford A Brooke
260 _bLyall Book Depot,
_c1969.
_aLondon:
300 _a313p
650 _aEnglish Drama
942 _cBK
_2ddc
_h822.33
_iBRO/T
_k822.33
_mBRO/T